[Event "64. BEM 2010"]
[Site "Dortmund"]
[Date "2010.03.02"]
[Round "5.24"]
[White "Schrimpl, Michael"]
[Black "Vogt, Christian"]
[Result "0-1"]
[WhiteElo "1496"]
[BlackElo "1357"]
[PlyCount "118"]
[EventDate "2010.??.??"]
[Source "SG Dortmund"]
[SourceDate "2004.12.16"]

1. c4 Nf6 2. Nc3 d5 3. cxd5 Nxd5 4. e4 Nxc3 5. bxc3 e5 6. Nf3 Nd7 7. Bc4 Be7 8.
O-O O-O 9. d4 exd4 10. cxd4 Nf6 11. Qd3 a6 12. Re1 b5 13. Bb3 c5 14. Bc2 c4 15.
Qc3 a5 16. Bd2 Bb4 17. Qb2 Bxd2 18. Nxd2 Ba6 19. d5 b4 20. Qd4 Qd6 21. Nxc4
Bxc4 22. Qxc4 Rac8 23. Qd3 Rc3 24. Qe2 Qc5 25. Rac1 Rc8 26. e5 Nxd5 27. e6 Nf4
28. exf7+ Kxf7 29. Bb3+ Kf8 30. Qf3 Rxf3 31. Rxc5 Rxc5 32. gxf3 Nd3 33. Rd1 Rc1
34. Rxc1 Nxc1 35. Bc4 a4 36. Kf1 b3 37. axb3 a3 38. b4 a2 39. Bxa2 Nxa2 40. b5
Nb4 41. b6 Ke7 42. b7 Nc6 43. f4 Kd7 44. Kg2 Kc7 45. Kf3 Kxb7 46. Ke4 Kc7 47.
Kd5 Kd7 48. f5 Nb4+ 49. Ke4 Ke7 50. f3 Kf6 51. h4 Nc6 52. Kf4 Ne7 53. Kg4 Nxf5
54. h5 h6 55. Kf4 Nd6 56. Kg4 g6 57. hxg6 Kxg6 58. f4 Nf5 59. Kf3 Kh5 0-1

[Event "64. BEM 2010"]
[Site "Dortmund"]
[Date "2010.03.02"]
[Round "5.25"]
[White "Rabe, Mark"]
[Black "Siwy, Boguslaw"]
[Result "0-1"]
[WhiteElo "948"]
[BlackElo "1479"]
[PlyCount "82"]
[EventDate "2010.??.??"]
[Source "SG Dortmund"]
[SourceDate "2004.12.16"]

1. e4 e5 2. Nf3 Nc6 3. Bc4 Nf6 4. c3 Nxe4 5. d3 Nf6 6. O-O Be7 7. Qe2 d6 8.
Nbd2 O-O 9. b4 a6 10. Bb3 Bg4 11. h3 Bh5 12. g4 Bg6 13. a3 d5 14. Ng5 h6 15.
Ngf3 Bd6 16. Nh4 Bh7 17. f3 Nxg4 18. Ng2 Nf6 19. Bc2 Qd7 20. Ne3 Qxh3 21. Qg2
Qxg2+ 22. Kxg2 Nh5 23. Rg1 Nf4+ 24. Kf1 d4 25. Ng4 Kh8 26. c4 Nxd3 27. Bxd3
Bxd3+ 28. Kf2 f5 29. Nxh6 gxh6 30. Nb3 f4 31. Rh1 Kh7 32. Bd2 Bxc4 33. Nc1 Rg8
34. Rh2 Rg3 35. Ne2 Bxe2 36. Rah1 Rg6 37. Kxe2 Rag8 38. Kf2 Ne7 39. a4 Nf5 40.
a5 Ne3 41. Ke1 Rg1+ 0-1

[Event "64. BEM 2010"]
[Site "Dortmund"]
[Date "2010.03.02"]
[Round "5.27"]
[White "Schaefer, Ulrich"]
[Black "Gitschel, Peter"]
[Result "1-0"]
[WhiteElo "1231"]
[BlackElo "1520"]
[PlyCount "93"]
[EventDate "2010.??.??"]
[Source "SG Dortmund"]
[SourceDate "2004.12.16"]

1. d4 Nf6 2. Nc3 g6 3. e4 d6 4. Nf3 Bg7 5. Bc4 Be6 6. d5 Bg4 7. h3 Bxf3 8. Qxf3
Nbd7 9. Bf4 O-O 10. Qe3 Nb6 11. Bd3 e5 12. Bh6 c6 13. Bxg7 Kxg7 14. dxc6 bxc6
15. O-O-O Qc7 16. g4 d5 17. exd5 cxd5 18. Nb5 Qb8 19. g5 Nh5 20. Rde1 a6 21.
Na3 Nf4 22. Qxe5+ Qxe5 23. Rxe5 Nxd3+ 24. cxd3 Rac8+ 25. Nc2 Rc6 26. Kb1 f6 27.
Re7+ Rf7 28. gxf6+ Rcxf6 29. Rxf7+ Kxf7 30. Rf1 Rf3 31. Nd4 Rxd3 32. Nc6 Rxh3
33. f4 Nc4 34. Ne5+ Nxe5 35. fxe5+ Ke6 36. Rf6+ Kxe5 37. Rxa6 d4 38. b4 Rc3 39.
Kb2 Rc7 40. b5 Kd5 41. b6 Rb7 42. a4 Ke4 43. Kc2 Rf7 44. Ra7 Rf6 45. Re7+ Kd5
46. b7 Rb6 47. a5 1-0

[Event "64. BEM 2010"]
[Site "Dortmund"]
[Date "2010.03.02"]
[Round "5.29"]
[White "Krüger, Inge"]
[Black "Hast, Stefan"]
[Result "0-1"]
[WhiteElo "1390"]
[BlackElo "1231"]
[PlyCount "70"]
[EventDate "2010.??.??"]
[Source "SG Dortmund"]
[SourceDate "2004.12.16"]

1. d4 Nf6 2. c4 e6 3. Nc3 Bb4 4. Qc2 O-O 5. Nf3 c5 6. e3 cxd4 7. exd4 b6 8. Be2
Bb7 9. O-O Nc6 10. a3 Be7 11. b3 Qc7 12. Bb2 a6 13. Rac1 Rad8 14. Rfd1 d5 15.
cxd5 exd5 16. b4 Rfe8 17. b5 Nb8 18. Qb1 Qd7 19. Ne5 Qe6 20. h3 a5 21. Bd3 g6
22. Re1 Ne4 23. Nxe4 dxe4 24. Bxe4 Bxe4 25. Rxe4 Qb3 26. Nc6 Nxc6 27. bxc6 Bxa3
28. c7 Bxb2 29. Rxe8+ Rxe8 30. c8=Q Rxc8 31. Rxc8+ Kg7 32. d5 a4 33. d6 a3 34.
Ra8 Qd5 35. Rd8 Bf6 0-1

[Event "64. BEM 2010"]
[Site "Dortmund"]
[Date "2010.03.02"]
[Round "5.30"]
[White "Skoecz, Horst"]
[Black "Riepe, Markus"]
[Result "1-0"]
[WhiteElo "1349"]
[BlackElo "804"]
[PlyCount "80"]
[EventDate "2010.??.??"]
[Source "SG Dortmund"]
[SourceDate "2004.12.16"]

1. e4 b6 2. d4 Bb7 3. d5 e6 4. Nc3 Bb4 5. Qd4 Bxc3+ 6. bxc3 Qf6 7. Nf3 d6 8. e5
Qe7 9. c4 f6 10. exd6 cxd6 11. dxe6 Bxf3 12. gxf3 Qxe6+ 13. Be3 Nd7 14. Bg2 Rc8
15. Rd1 Rxc4 16. Qxd6 Qxd6 17. Rxd6 Ne5 18. O-O Ne7 19. Rfd1 O-O 20. f4 Nf7 21.
Rd7 Ng6 22. Bd5 Rcc8 23. Rxa7 Nh4 24. Bxb6 g5 25. Bc7 Kg7 26. fxg5 Nxg5 27.
Bf4+ Kg6 28. Bxg5 Kxg5 29. Ra5 Rcd8 30. Rd3 f5 31. Rg3+ Kh5 32. f4 Rde8 33. Kf2
Rf6 34. Ra7 Kh6 35. Rh3 Kh5 36. Rxh7+ Rh6 37. Bf7+ Kg4 38. Rg3+ Kxf4 39. Rxh6
Ke4 40. Rxh4+ Ke5 1-0

[Event "64. BEM 2010"]
[Site "Dortmund"]
[Date "2010.03.02"]
[Round "5.31"]
[White "Böckmann, Lieselotte"]
[Black "Marienfeld, Udo"]
[Result "0-1"]
[WhiteElo "922"]
[BlackElo "1334"]
[PlyCount "86"]
[EventDate "2010.??.??"]
[Source "SG Dortmund"]
[SourceDate "2004.12.16"]

1. d4 c5 2. c3 e6 3. e3 d5 4. Nf3 Nc6 5. Be2 Nf6 6. O-O Qb6 7. a4 c4 8. Ne5 Be7
9. f4 Nxe5 10. fxe5 Ne4 11. Nd2 Nxd2 12. Bxd2 Bd7 13. Bf3 Qxb2 14. Rb1 Qa3 15.
Bc1 Qxa4 16. Qe2 b5 17. e4 Bc6 18. Qf2 Rf8 19. Bg4 dxe4 20. Qg3 Bd5 21. Bd2 Qa5
22. Qh3 h6 23. Be1 O-O-O 24. Bd2 a6 25. Ra1 Qb6 26. Bh5 f6 27. Be3 Kd7 28. Qg3
g5 29. Rf2 f5 30. Rfa2 Ra8 31. Qe1 b4 32. cxb4 Bxb4 33. Qb1 Rfb8 34. Rb2 f4 35.
Qf1 Qd8 36. Bxf4 gxf4 37. Qxf4 Bc3 38. Qf7+ Qe7 39. Rxb8 Rxb8 40. Rxa6 Bxd4+
41. Kf1 Qxf7+ 42. Bxf7 c3 43. Ra4 c2 0-1

[Event "64. BEM 2010"]
[Site "Dortmund"]
[Date "2010.03.02"]
[Round "5.32"]
[White "Wangrin, Stefan A"]
[Black "Reker, Gerhard"]
[Result "1-0"]
[WhiteElo "1076"]
[BlackElo "772"]
[PlyCount "39"]
[EventDate "2010.??.??"]
[Source "SG Dortmund"]
[SourceDate "2004.12.16"]

1. e4 e6 2. Bc4 Nf6 3. Nc3 d6 4. Nf3 Nc6 5. d4 Be7 6. O-O O-O 7. a3 a5 8. Ba2
b6 9. Bb1 Ba6 10. Re1 Qe8 11. a4 Nb4 12. Nb5 Bxb5 13. axb5 Qxb5 14. e5 Ng4 15.
Ng5 Nh6 16. c3 Bxg5 17. Bxg5 Nd5 18. Qc2 Nf5 19. g4 Nfe7 20. Qxh7# 1-0

[Event "64. BEM 2010"]
[Site "Dortmund"]
[Date "2010.03.04"]
[Round "6.1"]
[White "Heinzel, Olaf"]
[Black "Schiefelbusch, Dirk"]
[Result "1-0"]
[WhiteElo "2304"]
[BlackElo "2125"]
[PlyCount "73"]
[EventDate "2010.??.??"]
[Source "SG Dortmund"]
[SourceDate "2004.12.16"]

1. d4 d5 2. Bf4 Nf6 3. Nf3 Bf5 4. e3 e6 5. Nbd2 Bd6 6. Ne5 h6 7. c4 dxc4 8.
Bxc4 Nbd7 9. O-O O-O 10. h3 Qe7 11. Qf3 c6 12. a3 Bh7 13. e4 Bb8 14. Rfe1 Nxe5
15. dxe5 Nd7 16. Qc3 Qc5 {(=)} 17. Nb3 Qe7 18. Na5 Nb6 19. Ba2 Na4 20. Qc2 Nc5
21. Rac1 Nd7 22. Qc3 Nb6 23. Rcd1 Re8 24. Bg3 a6 25. Kh2 Ba7 26. f3 Rad8 27.
Qb3 Bg6 28. Rd6 Nc8 29. Nxb7 Nxd6 30. exd6 Qd7 31. Nxd8 Rxd8 32. e5 Bf5 33. Qc4
Rb8 34. b4 Rb5 35. a4 Rd5 36. Qh4 Rd2 37. Qe7 1-0

[Event "64. BEM 2010"]
[Site "Dortmund"]
[Date "2010.03.04"]
[Round "6.2"]
[White "Lindam, Ingo"]
[Black "Zelt, Jens"]
[Result "0-1"]
[WhiteElo "2076"]
[BlackElo "2020"]
[PlyCount "118"]
[EventDate "2010.??.??"]
[Source "SG Dortmund"]
[SourceDate "2004.12.16"]

1. d4 Nf6 2. Bg5 b6 3. Nd2 Bb7 4. Ngf3 c5 5. e3 d6 6. c3 Nbd7 7. Qa4 Qc7 8.
dxc5 bxc5 9. O-O-O Nd5 10. e4 N5b6 11. Qc2 g6 12. Nc4 a6 13. h4 h6 14. Bf4 e5
15. Bg3 Nxc4 16. Bxc4 Nb6 17. Nd2 O-O-O 18. Qd3 Nxc4 19. Nxc4 Be7 20. Ne3 h5
21. Nd5 Bxd5 22. Qxd5 Qb7 23. Qc4 Rhf8 24. f4 exf4 25. Bxf4 Qb5 26. Qd5 Qb7 27.
Qc4 Qb5 28. Qd5 Qb7 29. g3 Rd7 30. Rh2 Qxd5 31. exd5 Bf6 32. Re2 Kc7 33. Rde1
Rg8 34. Rf1 g5 35. Bd2 Bd8 36. Rf5 gxh4 37. gxh4 Bxh4 38. Rxh5 Rg4 39. Rh2 Bg3
40. Rg2 Rh4 41. Rf5 Be5 42. Rgf2 f6 43. Rg2 Rhh7 44. Rf1 Rdf7 45. Kc2 Rfg7 46.
Rgf2 Rg4 47. b3 c4 48. Re2 Rh3 49. Rfe1 Rhh4 50. Rf1 Rh3 51. Ref2 Rgg3 52. bxc4
Bxc3 53. Bxc3 Rxc3+ 54. Kb2 Rxc4 55. Rxf6 Rd3 56. Rg1 Rxd5 57. Rg7+ Kb6 58. Rd7
Rb5+ 59. Ka3 Ka5 {
und Weiss ueberschritt mit Blick auf das undeckbare Matt die Zeit ...} 0-1

[Event "64. BEM 2010"]
[Site "Dortmund"]
[Date "2010.03.04"]
[Round "6.3"]
[White "Lauche, Christoph"]
[Black "Brockmann, Michael"]
[Result "0-1"]
[WhiteElo "1960"]
[BlackElo "2063"]
[PlyCount "52"]
[EventDate "2010.??.??"]
[Source "SG Dortmund"]
[SourceDate "2004.12.16"]

1. e4 g6 2. d4 Bg7 3. Bc4 c5 4. Nf3 cxd4 5. Nxd4 Nc6 6. Be3 Nf6 7. Nc3 Qa5 8.
O-O d6 9. f3 O-O 10. Qd2 Bd7 11. Nxc6 bxc6 12. Nd5 Qxd2 13. Nxe7+ Kh8 14. Bxd2
Rae8 15. Bf4 Rxe7 16. Bxd6 Rfe8 17. Bxe7 Rxe7 18. Rad1 Kg8 19. Rd3 Kf8 20. Rfd1
Be8 21. b4 Rb7 22. Rb3 Nd7 23. a4 Nb6 24. Ba6 Rb8 25. a5 Na4 26. c4 Nc5 0-1

[Event "64. BEM 2010"]
[Site "Dortmund"]
[Date "2010.03.04"]
[Round "6.4"]
[White "Zachos, Ingo"]
[Black "Morawietz, Manuel"]
[Result "0-1"]
[WhiteElo "2024"]
[BlackElo "1952"]
[PlyCount "150"]
[EventDate "2010.??.??"]
[Source "SG Dortmund"]
[SourceDate "2004.12.16"]

1. Nf3 d5 2. c4 Nf6 3. cxd5 Nxd5 4. d4 g6 5. e4 Nf6 6. Nc3 c6 7. h3 Bg7 8. Be3
O-O 9. a4 Qa5 10. Bd3 Nbd7 11. O-O e5 {(=)} 12. dxe5 Nxe5 13. Nxe5 Qxe5 14. f4
Qa5 15. Bc4 Qb4 16. Qe2 Nh5 17. Kh2 Be6 18. Bxe6 fxe6 19. g4 Nf6 20. Qc2 Rfd8
21. Rfd1 b6 22. Kg3 Rac8 23. a5 Rxd1 24. Rxd1 Qxa5 25. Qb3 Re8 26. Rd6 Kf7 27.
Rxc6 Re7 28. Qc4 Nd7 29. e5 g5 30. Ne4 Qe1+ 31. Bf2 gxf4+ 32. Kg2 f3+ 33. Kxf3
Nxe5+ 34. Kg3 Qxf2+ 35. Kxf2 Nxc4 36. Rxc4 Bxb2 37. Nd6+ Kg6 38. Rc6 Kf6 39.
Kf3 Bd4 40. Ke4 Bc5 41. Nc4 Rd7 42. Nb2 Rd4+ 43. Kf3 a5 44. Ke2 a4 45. Nd3 Rc4
46. Nxc5 bxc5 47. Kd3 Rb4 48. Ke2 Rb3 49. h4 Rh3 50. g5+ Kf7 51. Rxc5 Rxh4 52.
Kd3 Kg6 53. Re5 Kf7 54. Rc5 Ke7 55. Ke3 Kd6 56. Ra5 e5 57. Kf3 Ke6 58. Kg3 Rd4
59. Ra7 Kf5 60. Rxh7 Kxg5 61. Ra7 Rf4 62. Ra6 Kf5 63. Ra8 Rb4 64. Kf3 Rb3+ 65.
Ke2 a3 66. Ra4 Rb2+ 67. Ke3 a2 68. Ra8 Rh2 69. Rf8+ Ke6 70. Ra8 Kd5 71. Ra4 Kc5
({Das typische Verfahren ist} 71... Rh3+ $1 72. Kd2 Rh1 $1 {
und die schwaechere Seite verliert ihren Turm.}) 72. Ra8 Kc4 73. Rc8+ Kb3 74.
Rb8+ Kc2 75. Ra8 Kb1 0-1

[Event "64. BEM 2010"]
[Site "Dortmund"]
[Date "2010.03.04"]
[Round "6.5"]
[White "Simon, Thomas"]
[Black "Schütte, Tobias"]
[Result "1/2-1/2"]
[WhiteElo "1885"]
[BlackElo "1980"]
[PlyCount "42"]
[EventDate "2010.??.??"]
[Source "SG Dortmund"]
[SourceDate "2004.12.16"]

1. Nf3 Nf6 2. g3 c5 3. c4 Nc6 4. Bg2 g6 5. O-O Bg7 6. Nc3 O-O 7. a3 Rb8 8. Rb1
a6 9. b4 cxb4 10. axb4 b5 11. cxb5 axb5 12. d4 d5 13. Ne5 Qb6 14. Nxd5 Nxd5 15.
Bxd5 Nxe5 16. dxe5 Bf5 17. Be3 Qd8 18. Ra1 Bxe5 19. Bh6 Re8 20. Ra7 Qb6 21. Be3
Qf6 1/2-1/2

[Event "64. BEM 2010"]
[Site "Dortmund"]
[Date "2010.03.04"]
[Round "6.6"]
[White "Begna, Bozidar"]
[Black "Zimmermann, Dirk"]
[Result "1/2-1/2"]
[WhiteElo "1958"]
[BlackElo "1960"]
[PlyCount "32"]
[EventDate "2010.??.??"]
[Source "SG Dortmund"]
[SourceDate "2004.12.16"]

1. e4 d5 2. exd5 Qxd5 3. Nc3 Qd6 4. d4 c6 5. Nge2 Nf6 6. Bf4 Qd8 7. Ng3 Bg4 8.
Qd2 Nbd7 9. h3 Bh5 10. Nxh5 Nxh5 11. Bh2 e6 12. Ne4 Nb6 13. Be2 Nf6 14. Nxf6+
gxf6 15. Bf3 Bd6 16. O-O-O Bxh2 {(=)} 1/2-1/2

[Event "64. BEM 2010"]
[Site "Dortmund"]
[Date "2010.03.04"]
[Round "6.7"]
[White "Dörre, Niels"]
[Black "Borjini, Faouzi"]
[Result "1/2-1/2"]
[WhiteElo "1609"]
[BlackElo "1919"]
[PlyCount "97"]
[EventDate "2010.??.??"]
[Source "SG Dortmund"]
[SourceDate "2004.12.16"]

1. e4 c5 2. Nf3 d6 3. d4 cxd4 4. Nxd4 Nf6 5. Nc3 a6 6. Bd3 Nc6 7. Nxc6 bxc6 8.
Bg5 e5 9. O-O Be6 10. Qe2 a5 11. Rfd1 Be7 12. Bc4 Qd7 13. Rd2 h6 14. Bh4 g5 15.
Bg3 Bxc4 16. Qxc4 Nh5 17. Bxe5 O-O 18. Rad1 Rad8 19. Bxd6 Bxd6 20. Rxd6 Qxd6
21. Rxd6 Rxd6 22. g3 Ng7 23. Qc5 Rfd8 24. Qxa5 Ne6 25. Qf5 Nd4 26. Qg4 Nxc2 27.
h4 Rg6 28. hxg5 hxg5 29. Kf1 Rd2 30. e5 Kg7 31. Qh5 Rd8 32. Qg4 Rd4 33. Qe2 Nb4
34. a3 Nd3 35. Qe3 Rd8 36. b4 g4 37. Qe4 Rg5 38. Qxc6 Rxe5 39. Qc4 Re1+ 40. Kg2
Ne5 41. Qf4 Rd6 42. Ne4 Re6 43. Qg5+ Kf8 44. Qd8+ Kg7 45. Qg5+ Kf8 46. Qd8+ Kg7
47. Qg5+ Kh8 48. Qh5+ Kg8 49. Qg5+ 1/2-1/2

[Event "64. BEM 2010"]
[Site "Dortmund"]
[Date "2010.03.04"]
[Round "6.8"]
[White "Raskin, Vitali"]
[Black "Werner, Patrick"]
[Result "1-0"]
[WhiteElo "1653"]
[BlackElo "1832"]
[PlyCount "75"]
[EventDate "2010.??.??"]
[Source "SG Dortmund"]
[SourceDate "2004.12.16"]

1. d4 d5 2. c4 c6 3. cxd5 cxd5 4. Nf3 Nf6 5. Nc3 Nc6 6. Bg5 Ne4 7. e3 Qa5 8.
Qa4 Nxc3 9. Qxa5 Nxa5 10. bxc3 Bd7 11. Nd2 Rc8 12. Rc1 e6 13. e4 Ba3 14. Rb1
Rxc3 15. exd5 exd5 16. Nb3 Nxb3 17. axb3 O-O 18. Bd2 Bf5 19. Bxc3 Bxb1 20. Kd2
Bd6 21. Be2 Bf4+ 22. Kd1 Rc8 23. Bd2 Bc2+ 24. Ke1 Bxd2+ 25. Kxd2 Bxb3 26. Rb1
Bc4 27. Rxb7 g5 28. Rxa7 Bxe2 29. Kxe2 Kg7 30. Rd7 Rc2+ 31. Ke3 Rc3+ 32. Kd2
Ra3 33. Rxd5 Kg6 34. Rc5 Kf6 35. g3 h5 36. h4 gxh4 37. gxh4 Kg6 38. Rg5+ 1-0

[Event "64. BEM 2010"]
[Site "Dortmund"]
[Date "2010.03.04"]
[Round "6.9"]
[White "Hoppe, Dirk"]
[Black "Noori, Mir Ahmad"]
[Result "1-0"]
[WhiteElo "1828"]
[BlackElo "1566"]
[PlyCount "71"]
[EventDate "2010.??.??"]
[Source "SG Dortmund"]
[SourceDate "2004.12.16"]

1. e4 e6 2. d4 g6 3. Nc3 Bg7 4. Be3 d6 5. g3 Ne7 6. Bg2 e5 7. Nge2 Nd7 8. Qd2
h6 9. O-O-O b6 10. h4 Ba6 11. f4 f6 12. g4 Bc4 13. Ng3 Bf7 14. h5 g5 15. fxg5
hxg5 16. d5 a6 17. Qf2 Ng8 18. Nf5 Bh6 19. Rhf1 Rh7 20. Ne2 Bf8 21. Neg3 Be7
22. Bf3 Nh6 23. Be2 Nxf5 24. Qxf5 Nf8 25. Qf2 Qd7 26. Nf5 Bd8 27. Kb1 Be7 28.
Nxe7 Qxe7 29. Qxf6 Qxf6 30. Rxf6 Nd7 31. Rf5 Nc5 32. Bxc5 bxc5 33. Rxg5 Ke7 34.
Rf1 a5 35. Rgf5 Rf8 36. g5 1-0

[Event "64. BEM 2010"]
[Site "Dortmund"]
[Date "2010.03.04"]
[Round "6.10"]
[White "Türtmann, Werner"]
[Black "Dreier, Daniel"]
[Result "0-1"]
[WhiteElo "1579"]
[BlackElo "1792"]
[PlyCount "62"]
[EventDate "2010.??.??"]
[Source "SG Dortmund"]
[SourceDate "2004.12.16"]

1. e4 e6 2. Nf3 d5 3. exd5 exd5 4. d4 Bd6 5. Bd3 Ne7 6. O-O Bg4 7. h3 Bh5 8.
Re1 Nd7 9. Nbd2 c6 10. Nf1 Qc7 11. g4 Bg6 12. Kg2 O-O-O 13. Bg5 f6 14. Bh4 Bxd3
15. Qxd3 Ng6 16. Bg3 Nf4+ 17. Bxf4 Bxf4 18. Qa3 Kb8 19. Re6 h5 20. Rae1 hxg4
21. hxg4 Qc8 22. Qe7 Bc7 23. Ng3 Nf8 24. R6e3 Qxg4 25. Kf1 Rc8 26. Ke2 Ng6 27.
Qf7 Rhf8 28. Qxf8 Nxf8 29. Kd3 Ng6 30. Kc3 c5 31. Ne2 Ba5+ 0-1

[Event "64. BEM 2010"]
[Site "Dortmund"]
[Date "2010.03.04"]
[Round "6.11"]
[White "Schirmer, Michael"]
[Black "Grube, Jörg"]
[Result "0-1"]
[WhiteElo "1561"]
[BlackElo "1730"]
[PlyCount "38"]
[EventDate "2010.??.??"]
[Source "SG Dortmund"]
[SourceDate "2004.12.16"]

1. c4 Nf6 2. Nc3 e5 3. g3 c6 4. Bg2 d5 5. cxd5 cxd5 6. e3 Nc6 7. Nge2 Be6 8.
O-O Be7 9. d4 e4 10. a3 Qd7 11. b4 O-O 12. Nf4 Bg4 13. Qb3 Rad8 14. Bd2 Bf3 15.
Na4 g5 16. b5 Nb8 17. Nh3 h6 18. Bb4 Bxb4 19. Qxb4 Bg4 0-1

[Event "64. BEM 2010"]
[Site "Dortmund"]
[Date "2010.03.04"]
[Round "6.12"]
[White "Gegner, Michael"]
[Black "Ziemek, Gerhard"]
[Result "0-1"]
[WhiteElo "1551"]
[BlackElo "1717"]
[PlyCount "50"]
[EventDate "2010.??.??"]
[Source "SG Dortmund"]
[SourceDate "2004.12.16"]

1. d4 d5 2. e4 dxe4 3. Nc3 Nf6 4. f3 exf3 5. Nxf3 Bg4 6. h3 Bh5 7. g4 Bg6 8.
Ne5 e6 9. Bg2 c6 10. Rf1 Bb4 11. Nxg6 hxg6 12. a3 Bd6 13. Qf3 Rf8 14. Bg5 Qc7
15. O-O-O Nbd7 16. h4 O-O-O 17. Ne4 Be7 18. c4 e5 19. Nc3 exd4 20. Rxd4 Ne5 21.
Rxd8+ Rxd8 22. Qe3 Nxc4 23. Qxa7 Nxg4 24. Bxe7 Qxe7 25. Bxc6 Qe3+ 0-1

[Event "64. BEM 2010"]
[Site "Dortmund"]
[Date "2010.03.04"]
[Round "6.13"]
[White "Grawe, Herbert"]
[Black "Schultz, Bernfried"]
[Result "0-1"]
[WhiteElo "1495"]
[BlackElo "1710"]
[PlyCount "78"]
[EventDate "2010.??.??"]
[Source "SG Dortmund"]
[SourceDate "2004.12.16"]

1. Nc3 d5 2. e4 d4 3. Nce2 e5 4. Ng3 Nf6 5. a3 Be7 6. Bc4 O-O 7. Ba2 c5 8. d3
Qb6 9. f4 exf4 10. Bxf4 Qxb2 11. Nf3 Qb6 12. O-O Be6 13. Rb1 Qa6 14. Nf5 Bxf5
15. exf5 Nbd7 16. Qe1 Rae8 17. Qf2 Qc6 18. h3 Nd5 19. Bd2 Bf6 20. g4 h6 21. g5
hxg5 22. Bxg5 Bxg5 23. Nxg5 N7f6 24. Bc4 a6 25. a4 Ne3 26. Qg3 Nxc4 27. dxc4
Re3 28. Rf3 Rfe8 29. a5 Rxf3 30. Nxf3 Ne4 31. Qf4 Nc3 32. Ne5 Ne2+ 33. Kf2 Nxf4
34. Nxc6 bxc6 35. Kg3 Ne2+ 36. Kf2 Nc3 37. Rb6 Re2+ 38. Kf3 Rxc2 39. Rxc6 d3
0-1

[Event "64. BEM 2010"]
[Site "Dortmund"]
[Date "2010.03.04"]
[Round "6.14"]
[White "Rzoczek, Christoph"]
[Black "Krüger, Georg"]
[Result "1-0"]
[WhiteElo "1468"]
[BlackElo "1679"]
[PlyCount "51"]
[EventDate "2010.??.??"]
[Source "SG Dortmund"]
[SourceDate "2004.12.16"]

1. d4 Nf6 2. Nf3 g6 3. c3 Bg7 4. Nbd2 d5 5. e3 b6 6. Ne5 O-O 7. Bb5 Bb7 8. O-O
a6 9. Bd3 c5 10. f4 e6 11. Rb1 Nc6 12. Qe2 Qc7 13. b3 Nd7 14. Qg4 cxd4 15. exd4
Ncxe5 16. fxe5 Qxc3 17. Rf3 Qb4 18. Rh3 Bxe5 19. Nf3 Bg7 20. Bh6 Qe7 21. Rf1 f5
22. Qg3 Nf6 23. Bg5 Rfe8 24. Ne5 Nh5 25. Rxh5 Bxe5 26. Qxe5 1-0

[Event "64. BEM 2010"]
[Site "Dortmund"]
[Date "2010.03.04"]
[Round "6.15"]
[White "Benke, Werner"]
[Black "Imrek, Ozan Mert"]
[Result "1/2-1/2"]
[WhiteElo "1613"]
[BlackElo "1351"]
[PlyCount "147"]
[EventDate "2010.??.??"]
[Source "SG Dortmund"]
[SourceDate "2004.12.16"]

1. d4 d5 2. c4 c6 3. Nc3 Nf6 4. Nf3 e6 5. Bg5 Nbd7 6. e3 Qa5 7. Bxf6 Nxf6 8.
Nd2 Qc7 9. Rc1 a6 10. c5 Be7 11. Bd3 O-O 12. O-O Nd7 13. f4 b6 14. b4 a5 15. a3
axb4 16. axb4 Nb8 17. Rf3 e5 18. Rf1 exd4 19. exd4 Bf6 20. Ne2 Bg4 21. Nb3 Re8
22. h3 Bxe2 23. Bxe2 Qe7 24. Bg4 bxc5 25. bxc5 Qe3+ 26. Kh1 Bh4 27. Qc2 Na6 28.
Rf3 Qe7 29. Qd2 Be1 30. Qd1 Nb4 31. Rf1 Bg3 32. Qd2 Qb7 33. Rf3 Ra2 34. Re3
Rea8 35. Na5 Rxd2 36. Nxb7 Bxf4 37. Rf3 Rxd4 38. Rcf1 Bg5 39. Rxf7 Re4 40. Nd6
Re5 41. Rb7 Nd3 42. Bd7 Nf4 43. Bxc6 Rf8 44. g3 Nh5 45. Rxf8+ Kxf8 46. Rf7+ Kg8
47. Kg2 Be7 48. Rf2 d4 49. Ra2 Rxc5 50. Ra8+ Bf8 51. Bd7 Re5 52. Bb5 g6 53.
Bc4+ Kg7 54. Ra7+ Re7 55. Ra6 Nf6 56. Kf2 Ne4+ 57. Nxe4 Rxe4 58. Bd3 Re3 59.
Bc4 Bc5 60. Rc6 Re5 61. Rc7+ Kh6 62. g4 d3+ 63. Kf1 d2 64. Be2 Rd5 65. Bd1 Re5
66. Be2 Bb4 67. Rb7 Re4 68. Rb5 d1=Q+ 69. Bxd1 Re1+ 70. Kf2 Rxd1 71. Rxb4 Rh1
72. Kg2 Ra1 73. Rb5 Ra2+ 74. Kg3 {Zu diesem Zeitpunkt tritt Schwarz in die
Zeitnotphase ein, waehrend Weiss sich bereits in hochgradiger Zeitnot befindet.
Es folgten eine Remisreklamation von Weiss (mit Aufschub der Entscheidung
durch den Schiedsrichter), eine Reihe beidseits hektisch ausgefuehrter, nicht
mehr notierbarer Zuege, in deren Folge auch Schachgebote missachtet wurden,
sowie schliesslich der Blaettchenfall bei Weiss. Bis dahin hatte Schwarz keine
Fortschritte erzielen koennen, weshalb der Schiedsrichter die Partie nach
Massgabe des Art. 10.2 der FIDE-Schachregeln fuer remis erklaerte.} 1/2-1/2

[Event "64. BEM 2010"]
[Site "Dortmund"]
[Date "2010.03.04"]
[Round "6.16"]
[White "Hübel, Carsten"]
[Black "Duschek, Günter"]
[Result "0-1"]
[WhiteElo "1344"]
[BlackElo "1607"]
[PlyCount "60"]
[EventDate "2010.??.??"]
[Source "SG Dortmund"]
[SourceDate "2004.12.16"]

1. c4 e5 2. Nc3 Bc5 3. g3 Nc6 4. Bg2 a6 5. Nf3 d6 6. O-O Bf5 7. d3 Nge7 8. Bg5
f6 9. Bd2 O-O 10. Rb1 Rb8 11. a3 b5 12. cxb5 axb5 13. b4 Ba7 14. Qc1 Nd4 15.
Nxd4 exd4 16. Nd5 c5 17. Re1 Kh8 18. Nxe7 Qxe7 19. Rb2 Rfc8 20. Qb1 c4 21. Rc2
Qf7 22. Qa2 Qg6 23. e4 dxe3 24. Bxe3 Bxe3 25. Rxe3 cxd3 26. Rxc8+ Rxc8 27. Qd5
Rc1+ 28. Bf1 h6 29. Kg2 Qh5 30. Bxd3 Bh3# 0-1

[Event "64. BEM 2010"]
[Site "Dortmund"]
[Date "2010.03.04"]
[Round "6.17"]
[White "Siwy, Boguslaw"]
[Black "Rutmann, Ulrich"]
[Result "1-0"]
[WhiteElo "1479"]
[BlackElo "1357"]
[PlyCount "95"]
[EventDate "2010.??.??"]
[Source "SG Dortmund"]
[SourceDate "2004.12.16"]

1. e4 c6 2. d4 d5 3. Nc3 dxe4 4. Nxe4 e6 5. Nf3 Be7 6. Bc4 h6 7. Be3 Nf6 8. Ng3
Nbd7 9. Qd2 Nb6 10. Qe2 Qd6 11. Bb3 Nbd5 12. Bxd5 exd5 13. O-O Bg4 14. h3 Be6
15. Ne5 O-O 16. f4 Ne4 17. Nxe4 dxe4 18. f5 Bc8 19. Qg4 c5 20. Bxh6 Qxd4+ 21.
Kh1 Qxe5 22. Rae1 Qf6 23. Bd2 Qxb2 24. Rxe4 Qf6 25. Rxe7 Qxe7 26. f6 Qxf6 27.
Qe2 Qg6 28. Bc3 Be6 29. Qe3 b6 30. Rf3 Rad8 31. Rg3 Rd1+ 32. Kh2 Qh7 33. Rxg7+
Qxg7 34. Bxg7 Kxg7 35. Qg5+ Kh7 36. Qh5+ Kg7 37. Qxd1 Kf6 38. Qd6 Rc8 39. g4 c4
40. c3 Rc5 41. h4 Rd5 42. Qf4+ Ke7 43. h5 b5 44. h6 f5 45. h7 fxg4 46. h8=Q g3+
47. Kg2 Rf5 48. Qc7+ 1-0

[Event "64. BEM 2010"]
[Site "Dortmund"]
[Date "2010.03.04"]
[Round "6.18"]
[White "Rüttiger, Volker"]
[Black "Komenda, Thomas"]
[Result "0-1"]
[WhiteElo "1213"]
[BlackElo "1461"]
[PlyCount "52"]
[EventDate "2010.??.??"]
[Source "SG Dortmund"]
[SourceDate "2004.12.16"]

1. d4 Nf6 2. Nc3 g6 3. e4 Bg7 4. Nf3 d6 5. Bc4 O-O 6. Be3 Nc6 7. h3 e5 8. g4
Kh8 9. Qd2 exd4 10. Nxd4 Ne5 11. Bb3 c5 12. Nde2 Nf3+ 13. Kd1 Nxd2 14. Kxd2 Be6
15. Rag1 Bxb3 16. axb3 b5 17. Kc1 b4 18. Na4 Nxe4 19. f3 Ng5 20. Rf1 Re8 21.
Kd2 Qe7 22. Bxg5 Qxg5+ 23. Kd1 Qe3 24. Ng3 Bh6 25. Rh2 Bf4 26. Re2 Qd4+ 0-1